Political Geography: Dutch Colonies - Statistics

General Stats
  • This quiz has been taken 70 times
    60 since last reset
  • The average score is 19 of 21
Answer Stats
Colonial Territory Present-day Sovereign State % Correct
Nederlands-Brazilië / Niew-Holland (1630-1654) B Brazil
98%
Nederland-Niew-Guinea (Dutch/Netherlands New Guinea) (1949-1962) I Indonesia
98%
Nederlandse kolonisatie van de Guyanas (Dutch colonies of the Guianas) (1616-1975) B Brazil
93%
Dutch Bengal (1627-1825) I India
93%
Dutch Mauritius (1638-1710) M Mauritius
93%
Kaapkolonie (Dutch Cape Colony) (1652-1806) S South Africa
93%
G Guyana
91%
Dutch Coromandel (1610-1825) I India
91%
Nederlandsch-Indië (Dutch/Netherlands East Indies) (1603-1949) I Indonesia
91%
S Suriname
91%
Nederlandse-Malabar (Dutch Malabar) (1665-1795) I India
89%
Gouvernement Malacca (Governorate of Dutch Malacca) (1641-1795, 1818-1825) M Malaysia
89%
Niew Nederland (New Netherland) (1614-1674) U United States (parts of Connecticut, Delaware, New Jersey, New York, Pennsylvania, Rhode Island)
89%
F France (French Guiana)
85%
Nova Hollandia (1674-1678) C Canada (parts of New Brunswick, Nova Scotia, Prince Edward Island, Quebec)
84%
Nederlandse Bezittingen ter Kuste van Guinea (Dutch Gold Coast / Dutch Guinea) (1612-1872) G Ghana
84%
Nederlands-Ceylon (Dutch Ceylon) (1640-1796) S Sri Lanka
84%
U United States (part of Maine)
82%
U United States (U.S. Virgin Islands)
82%
Gouvernement Formosa (Governorate of Formosa) (1624-1668); Fort Noord-Holland (1663-1668) T Taiwan
76%
Nederlandse Maagdeneilanden (Dutch Virgin Islands) (1625-1680) U United Kingdom (British Virgin Islands)
76%
No matching quizzes found
Score Distribution
Percent of People with Each Score
Percentile by Number Answered
Your Score History
You have not taken this quiz since the last reset